| 000 | 01757cam a2200241 4500 | ||
|---|---|---|---|
| 001 | |||
| 008 | 000000n2001 000 0 eng u | ||
| 035 | _a(Sirsi) u113394 | ||
| 100 | _aNiven, R | ||
| 245 | _aTall buildings make a comeback | ||
| 260 | _c2001 | ||
| 490 |
_aPlanning (for the Natural and Built Environment) _v(1424) 22 June 2001, 10(1) |
||
| 520 | _aConsiders the recent trend among architects and developers to embrace tall buildings, and discusses a leaflet produced by the Commission for Architecture and the Built Environment (CABE) and English Heritage that may curb opportunities for such developments in the future. The "Guidance on tall buildings" leaflet sets out guidelines specifying how the two advisory bodies will respond to planning applications for tall buildings, and provides evaluation criteria for proposals such as environmental impact, architectural quality, and co-existence with other buildings and the general townscape. The leaflet has been criticised for failing to provide a definition of tall buildings and being vague in its criteria for evaluation. In addition, the English Heritage's emphasis on location could mean listed building such as Centre Point would never have been built. Concludes that the guidance may prove unpopular with planning authorities who are already struggling to meet higher densities stipulated in planning guidance. | ||
| 600 | _aTall buildings make a comeback | ||
| 650 | _aTALL BUILDINGS | ||
| 650 | _aSKYSCRAPERS | ||
| 650 | _aHIGH RISE BUILDINGS | ||
| 650 | _aPLANNING GUIDANCE | ||
| 650 | _aENGLISH HERITAGE | ||
| 650 | _aCOMMISSION FOR ARCHITECTURE AND THE BUILT ENVIRONMENT | ||
| 690 | _aENVIRONMENTAL AND LAND CONSULTANCY-PLANNING AND DEVELOPMENT | ||
| 942 | _n0 | ||
| 999 |
_c67557 _d67557 |
||